000 00486nam a2200181Ia 4500
005 20250317122801.0
008 008 250317s9999 xx 000 0 eng d
037 _aTextbook
040 _aFMSL
_beng
_cFMSL
041 _aeng
_2eng
084 _aBobX N2
_qFMSL
100 _aYamane T
_9735402
245 0 _aMathematics for economists
260 _aNew Delhi
_bNew Delhi, P H
_c1962
300 _a384p
942 _cTB
_hBobX N2
999 _c1248639
_d1248639